Дівчина з холодними очима (Запис № 18599)

000 -Маркер запису
Контрольне поле сталої довжини 02298nam a22002537a 4500
003 - Належність контрольного номера
Контрольне поле Uzh_bibl
008 - Кодовані дані
Контрольне поле сталої довжини 260629b |||||||| |||| 00| 0 ukr d
020 ## - Індекс ISBN
ISBN 5-333-00716-0
Ціна 0.31
040 ## - Джерело каталогіз.
Служба первин.кат. укр.
041 ## - Код мови видання
Код мови оригіналу українська
Код мови тексту українська
080 ## - Індекс УДК
Індекс УДК 821(477)
090 ## - Шифри
Поличний індекс 821(477)
Авторський знак Г 95
100 ## - Автор
Автор Гуріненко, Петро
245 ## - Назва
Назва Дівчина з холодними очима
Фізичний носій Текст
260 ## - Вихідні дані
Місце видання Київ
Видавництво Український письменник
Дата видання 1992
300 ## - Фізичний опис
Обсяг 255 с.
Тип одиниці В опр.
520 ## - Анотація
Анотація Роману письменника властиві головні ознаки детективного жанру. Є в творі таємничий танкер, котрий, уникаючи нротореного морського шляху, щоб не зустрічатися з іншими суднами, перевозить на своїх палубах «секретних» пасажирів; є військовий корабель-суироводжувач, команда якого даремне намагається розгадати таємницю танкера і тих, кого на ньому потай перевозять. Навіть екстремальний випадок, що стався у відкритому морі, не наблизив моряків до розгадки таємниці...<br/>Розповідь драматично напружена, сюжет динамічний. В романі вперше розкриваються маловідомі сторінки з недавнього минулого, яке в вашій пам'яті і свідомості пов'язане з лихим періодом культу особи.<br/>До книги входять також троє оповідань.
521 ## - Примітка про цільове призначення
Примітка про цільове призначення Для широкого кола читачів
546 ## - Примітка про мову
Примітка про мову укр.
650 ## - Тематичні рубрики
Основна рубрика Літературно-художнє видання
Хронологічна підрубрика Період культу особи (середина XX століття)
Географічна підрубрика Україна
653 ## - Ключові слова
Ключові слова Танкер
-- Таємниця
-- Море
-- Розслідування
-- Репресії
655 ## - Термін індексування — жанр/форма
Жанр/форма Детективний роман, оповідання
Типове ділення Роман, оповідання
942 ## - ADDED ENTRY ELEMENTS (KOHA)
Джерело класифікації чи схема поличного розташування
Koha item type Книги
Фонди
Статус вилучення Статус втрати/відсутності Джерело класифікації чи схема поличного розташування Статус пошкодження Тип обігу (не для випозичання) Постійне розташування Поточне розташування Розташування у відділі Дата надходження Інвентарний номер Total Checkouts Повний (примірниковий) шифр зберігання Штрих-код Date last seen Дата, для якої чинна ціна заміни Тип одиниці (рівень примірника)
          Публічна бібліотека Публічна бібліотека Абонемент 29/06/2026 43965-1   821(477) 20638 29/06/2026 29/06/2026 Книги

Працює на АБІС Коха